00473nam a2200181Ia 4500008004100000050000800041050000900049245002200058650003100080650002200111650002200133650002200155650004200177650001900219650002200238650001500260650001600275170203s9999 xx 000 0 und d aFic bT874 aTreasure Island / aAdventure and adventurers. aJuvenile fiction. aJuvenile fiction. aJuvenile fiction. aTreasure Island (Imaginary place) --  xFriendship --  xJuvenile fiction. xMutiny --  xSailors --